Русенска компания първа в класация на "Файненшъл Таймс" (Запис номер 523436)
[ съкратено ]
| 000 -Лидер | |
|---|---|
| Лидер | 01159naa a2200253 a 4500 |
| 003 - Код на организацията, давaща контролен номер | |
| Код на организацията, даваща контролен номер | BLK |
| 005 - Дата и час на последна редакция | |
| Дата и час на последна редакция | 20241213124217.0 |
| 007 - Фиксирано поле за физическо описани | |
| Физическо описание | ta |
| 008 - Елементи от данни с фиксирана дължина | |
| Елементи с фиксирана дължина | 221104b bu |||||r|||| 00| | bu d |
| 040 ## - Източник на каталожния запис | |
| Код на библиотеката | BLK |
| 041 ## - Код за език | |
| Език | Български |
| Език за КДБФ | Български |
| 080 ## - УДК | |
| УДК текст | Регионална икономика. Териториална икономика. Вж и 314.7 ; 330.15 ; 330.322 ; 331.5 ; 338.49 |
| УДК код | 332.1 |
| УДК – код + определител | 332.1(497.215) |
| 245 ## - Сведения за заглавието | |
| Заглавие | Русенска компания първа в класация на "Файненшъл Таймс" |
| 300 ## - Физическа характеристика | |
| Брой страници | с. 1, 2 |
| 520 ## - Забележка за наличие на резюме, анотация и т.н | |
| Анотация, рецензия | Логистичната фирма euShipments.com на първо място сред логистичните фирми в Европа и на 26 място сред всички бизнеси на континента |
| 653 ## - Ключова дума – ненормативна | |
| 9 (RLIN) | 195357 |
| Ключови думи | регионална икономика |
| 653 ## - Ключова дума – ненормативна | |
| 9 (RLIN) | 199386 |
| Ключови думи | фирми |
| 653 ## - Ключова дума – ненормативна | |
| 9 (RLIN) | 190063 |
| Ключови думи | логистика |
| 653 ## - Ключова дума – ненормативна | |
| 9 (RLIN) | 188645 |
| Ключови думи | класации |
| 773 ## - Описание на основна библиографска единица при аналитични записи (многотомни) | |
| Заглавие на източника | Утро, № 210, 1-3 ноем. 2024 |
| Информация за връзката | . // |
| Контролен номер на записа | 513804 |
| 856 ## - Електронен адрес и достъп | |
| Инструкция (цена за достъп) | 0.00 |
| Права за достъп | disable |
| 942 ## - АРТИКУЛИ | |
| Вид на библиотечния документ | Статия |
| Скрит в OPAC | Не |
| 944 ## - СЪЗДАВАНЕ И РЕДАКЦИЯ на ЗАПИСА | |
| Дата на регистрацията/редакция | Валя Йорданова |
| Служител, извършил регистрацията/редакцията | 30558 |
| Номер на служител | Валя Йорданова |
| Създаване/Редакция | |
| 999 ## - СИСТЕМНИ КОНТРОЛНИ НОМЕРА | |
| Koha biblionumber | 523436 |
| Koha biblioitemnumber | 523436 |
Няма налични копия.